Stabilita eura podriadená spoločnému rozpočtu
Riziko pokračujúcej recesie členských štátov eurozóny a platobná neschopnosť bankového sektora. Nákup problémových štátnych dlhopisov Centrálnymi bankami členských krajín eurozóny a Európskou centrálnou bankou v snahe zachrániť bankový sektor. Fiškálna politika národných vlád. Balíčky stimulovania n...
Guardado en:
| Autor principal: | |
|---|---|
| Formato: | Capítulo de libro |
| Lenguaje: | eslovaco |
| Materias: | |
| Etiquetas: |
Sin Etiquetas, Sea el primero en etiquetar este registro!
|
MARC
| LEADER | 00000naa a2200000 4500 | ||
|---|---|---|---|
| 001 | 0117588 | ||
| 005 | 20231006123656.8 | ||
| 041 | 0 | |a slo | |
| 044 | |a SK | ||
| 245 | 1 | 0 | |a Stabilita eura |b podriadená spoločnému rozpočtu |c Róbert Hölcz |
| 520 | |a Riziko pokračujúcej recesie členských štátov eurozóny a platobná neschopnosť bankového sektora. Nákup problémových štátnych dlhopisov Centrálnymi bankami členských krajín eurozóny a Európskou centrálnou bankou v snahe zachrániť bankový sektor. Fiškálna politika národných vlád. Balíčky stimulovania národných ekonomík. | ||
| 610 | 2 | 0 | |a eurozóna |
| 610 | 2 | 0 | |a euro |
| 610 | 2 | 0 | |a kríza hospodárska |
| 610 | 2 | 0 | |a kríza finančná |
| 610 | 2 | 0 | |a banky centrálne |
| 610 | 2 | 0 | |a Európska centrálna banka |
| 610 | 2 | 0 | |a politika fiškálna |
| 610 | 2 | 0 | |a politika menová |
| 610 | 2 | 0 | |a stabilita finančná |
| 610 | 2 | 0 | |a spolupráca medzinárodná |
| 100 | 1 | |a Hölcz, Róbert | |